000 00932nam a2200229 i 4500
001 72960
003 ES-MaACL
005 20230906171622.0
007 t|
008 040903q1931 sp ||||1| cat d
080 _a929 Rasquí, Jaime
080 _a910.4(82+899:282.2 Río de la Plata)
100 1 _aCampos, Presentació.
_9154611
245 1 3 _aEl valencià Jaume Rasquín :
_bgovernador del Plata al segle XVI, segons la relació del seu viatge escrita per l'alferes Alonso Gómez de Santoya /
_c; per Presentació Campos i Vicens Genovès.
260 _a[S.l. :
_bs.n.,
_c1931?]
300 _a46 p. ;
_c25 cm.
595 _aSeparata de: Estudis universitaris catalans, 1930, n. 15
600 1 4 _aRasquí, Jaime.
_9154613
651 4 _aRío de la Plata (Región)-
_xDescubrimientos y exploraciones.
_9174384
700 1 _aGenovès, Vicent.
_9154612
852 4 _aES-MaACL
_j1752-F-13
_z- Dedicatoria autógrafa de los autores
999 _c72960
_d72960